Realizácia vývozného obchodného prípadu slovenskej spoločnosti na ukrajinský trh diplomová práca

Gespeichert in:
Bibliographische Detailangaben
1. Verfasser: Krutko, Alina
Körperschaft: Obchodná fakulta EU. Katedra medzinárodného obchodu
Weitere Verfasser: Ružeková, Viera, 1957-
Format: Buch
Sprache:Slowakisch
Veröffentlicht: Bratislava 2024
Tags: Tag hinzufügen
Keine Tags, Fügen Sie das erste Tag hinzu!

MARC

LEADER 00000nbm a2200000 4500
001 0302491
005 20250807100345.6
041 0 |a slo 
044 |a SK 
245 1 0 |a Realizácia vývozného obchodného prípadu slovenskej spoločnosti na ukrajinský trh  |b diplomová práca  |c Alina Krutko ; školiteľ: Viera Ružeková 
264 1 |a Bratislava  |c 2024 
300 |a 70 s. 
100 1 |a Krutko, Alina 
700 1 |a Ružeková, Viera, 1957- 
710 2 |a Obchodná fakulta EU. Katedra medzinárodného obchodu